• 首页
  • 本馆介绍
  • 公告通知
  • 最新文献
  • 馆藏检索
  • 电子资源
  • 读者荐购
  • 参考咨询
  • CALIS
  • 我的图书馆
  • 登录
  • 详细信息显示
  • 放入我的书架
  • 预约/预借图书
  • 作者相关作品
  • 分类相关作品
  • 丛书相关作品
  • 出版社相关作品

书目信息

  • 表格格式
  • 工作单格式
  • 卡片格式
题名:
2015注册岩土工程师执业资格考试专业考试历年真题详解
    
 
作者: 李自伟 , 李跃 主编
分册:   案例分析
出版信息: 北京   人民交通出版社  2015.04
页数: 394页
开本: 26cm
丛书名:
单 册:
中图分类: TU4-44
科图分类:
主题词: 岩土工程 , 地基--基础(工程)
电子资源:
ISBN: 978-7-114-12020-6
 
 
 
 
 
000 00989nam0 2200277 450
001 1551180040
005 20150826141511.26
010    @a978-7-114-12020-6@dCNY88.00
100    @a20150826d2015 km y0chiy0120 ea
101 0  @achi
102    @aCN@b110000
105    @ak a 000yy
106    @ar
200 1  @a2015注册岩土工程师执业资格考试专业考试历年真题详解@A2015 zhu ce yan tu gong cheng shi zhi ye zi ge kao shi zhuan ye kao shi li nian zhen ti xiang jie@i案例分析@f李自伟,李跃主编@Fli zi wei,li yue zhu bian
210    @a北京@c人民交通出版社@d2015.04
215    @a394页@d26cm
330    @a本书收录了2004~2014年案例分析真题,试题均采用现行规范进行解答,全书按照试题、解析答案分开排版,便于考生自测。
517 1  @a案例分析@Aan li fen xi
586    @a
606 0  @a岩土工程
606 0  @a地基@x基础(工程)
690    @aTU4-44@v5
701  0 @a李自伟@Ali zi wei@4主编
701  0 @a李跃@Ali yue@4主编
801  0 @aCN@c20150820
905    @a河南城建学院图书馆@dTU4-44@eL340@f3
    
    2015注册岩土工程师执业资格考试专业考试历年真题详解.案例分析/李自伟,李跃主编.-北京:人民交通出版社,2015.04
    394页;26cm
    
    
    ISBN 978-7-114-12020-6:CNY88.00
    本书收录了2004~2014年案例分析真题,试题均采用现行规范进行解答,全书按照试题、解析答案分开排版,便于考生自测。
●
相关链接 在E读中查询图书 在当当中查询图书 在豆瓣中查询图书


正题名:2015注册岩土工程师执业资格考试专业考试历     索取号:TU4-44/L340         预约/预借

序号 登录号 条形码 馆藏地/架位号 状态 备注
1 1224590   212245907   建筑库101/101建筑库 93排4列4层/ [索取号:TU4-44/L340] 在馆    
2 1224591   212245916   建筑库101/101建筑库 93排4列4层/ [索取号:TU4-44/L340] 在馆    
3 1224592   212245925   建筑库101/101建筑库 93排4列4层/ [索取号:TU4-44/L340] 在馆    
河南城建学院图书馆 欢迎您!
大连网信软件有限公司© 版权所有